000 00438nam a2200181Ia 4500
001 24423
005 20260414151042.0
008 260414t2017||||xx |||||||||||||| ||spa||
041 _aESP
082 _a345.7
_bI59
100 _aInstituto Legales
_eAUT
245 0 _aModelos en el código procesal civil
_b
260 _c2017
300 _axvi, 911 páginas :
_c24 cm.
650 _aDER
654 _aCDE
942 _cLIB
_dJUS
_fJUS
_2ddc
_n
999 _c24423
_d24423